000 00293nam a2200121 i 4500
001 bg
245 0 _aPsychologia życia codziennego /
_cpod red. Maurice Reuchlina.
260 _aWarszawa,
_c1983.
040 _cBPK
041 _apol
942 _cKS
008 s pl f |000 0 pol
999 _c22246
_d22246
856 _uhttp://koha.tu.koszalin.pl/cgi-bin/koha/opac-detail.pl?biblionumber=22246
_yKatalog online BPK